000
00277nam a2200121Ia 4500
008
190216s9999||||xx |||||||||||||| ||und||
100
_a
Hicks J R
245
0
_a
Social Frame Work
260
_b
Oxford University Press
_c
1971
300
_a
317p
650
_a
Commerce
942
_c
BK
999
_c
8332
_d
8332